书目信息 |
| 题名: |
网络犯罪研究
|
|
| 作者: | 杨正鸣 主编 | |
| 分册: | ||
| 出版信息: | 上海 上海交通大学出版社 2004.02 |
|
| 页数: | 347页 | |
| 开本: | 21cm | |
| 丛书名: | 东方法学丛书 | |
| 单 册: | ||
| 中图分类: | D914.04 , TP309.5 | |
| 科图分类: | ||
| 主题词: | 计算机网络--计算机犯罪--研究 | |
| 电子资源: | ||
| ISBN: | 7-313-03524-1 | |
| 000 | 00892nam 2200265 450 | |
| 001 | 0105211016 | |
| 005 | 20051015161145.57 | |
| 010 | @a7-313-03524-1@dCNY19.00 | |
| 100 | @a20040521d2004 km y0chiy0120 ea | |
| 101 | 0 | @achi |
| 102 | @aCN@b310000 | |
| 105 | @ac a 000yy | |
| 200 | 1 | @a网络犯罪研究@AWang Luo Fan Zui Yan Jiu@f杨正鸣主编@Fyang zheng ming zhu bian |
| 210 | @a上海@c上海交通大学出版社@d2004.02 | |
| 215 | @a347页@c肖像@d21cm | |
| 225 | 2 | @a东方法学丛书 |
| 320 | @a有书目 (第344-347页)。 | |
| 330 | @a本书对网络犯罪分别从概念、特征、文化、法制、证据、技术、防范以及电子商务领域和金融领域网络犯罪的特殊性等方面进行深入研究和论述。 | |
| 410 | 0 | @12001 @a东方法学丛书 |
| 606 | 0 | @a计算机网络@x计算机犯罪@x研究 |
| 690 | @aD914.04@v4 | |
| 690 | @aTP309.5@v4 | |
| 701 | 0 | @a杨正鸣@Ayang zheng ming@4主编 |
| 801 | 0 | @aCN@bQSSK@c20051015 |
| 905 | @a10447@dD914.04@eY334 | |
| 网络犯罪研究/杨正鸣主编.-上海:上海交通大学出版社,2004.02 |
| 347页:肖像;21cm.-(东方法学丛书) |
| ISBN 7-313-03524-1:CNY19.00 |
| 本书对网络犯罪分别从概念、特征、文化、法制、证据、技术、防范以及电子商务领域和金融领域网络犯罪的特殊性等方面进行深入研究和论述。 |
| ● |
| 相关链接 |
|
|
|
正题名:网络犯罪研究
索取号:D914.04/Y334
 
预约/预借
| 序号 | 登录号 | 条形码 | 馆藏地/架位号 | 状态 | 备注 |
| 1 | 574568 | 205745684 | 社科库509/509社科库 82排2列4层/ [索取号:D914.04/Y334] | 在馆 | |
| 2 | 574569 | 205745693 | 社科库509/509社科库 82排2列4层/ [索取号:D914.04/Y334] | 在馆 | |
| 3 | 574570 | 205745700 | 社科库509/509社科库 82排2列4层/ [索取号:D914.04/Y334] | 在馆 |